Análisis de la situación alimentaria - nutricional en Costa Rica
Wedi'i Gadw mewn:
| Prif Awdur: | |
|---|---|
| Fformat: | Anhysbys |
| Cyhoeddwyd: |
Heredia :
|
| Tagiau: |
Ychwanegu Tag
Dim Tagiau, Byddwch y cyntaf i dagio'r cofnod hwn!
|
MARC
| LEADER | 00000 a2200000 04500 | ||
|---|---|---|---|
| 001 | 15107 | ||
| 003 | |||
| 008 | 991231s d | ||
| 040 | |||
| 090 | |a 174605 | ||
| 100 | |a Sáenz, Lenin | ||
| 245 | |a Análisis de la situación alimentaria - nutricional en Costa Rica | ||
| 260 | |a Heredia : | ||
| 999 | |c 8181 |d 8181 | ||
